La Población y estratificación social en el área rural /
Shranjeno v:
| Glavni avtor: | |
|---|---|
| Format: | Texto |
| Teme: | |
| Oznake: |
Označite
Brez oznak, prvi označite!
|
MARC
| LEADER | 00000 a a2200000 04500 | ||
|---|---|---|---|
| 001 | 9447 | ||
| 003 | |||
| 040 | |||
| 100 | |a García Aguilar, Ariel José | ||
| 245 | |a La Población y estratificación social en el área rural / |c Ariel José García Aguilar | ||
| 650 | |a ESTRATIFICACION SOCIAL | ||
| 650 | |a CLASES SOCIALES | ||
| 650 | |a GRUPOS SOCIALES | ||
| 650 | |a MODOS DE PRODUCCION | ||
| 650 | |a ZONAS RURALES | ||
| 773 | |g volumen 1999, número 429; páginas 33-42 | ||
| 999 | |c 28060 |d 28060 | ||
